Wonky Word Clicking - Z - Statistics

General Stats
  • This quiz has been taken 199 times
  • The average score is 9 of 15
Answer Stats
Hint Answer % Correct
Zig zag
93%
Zeit geist
90%
Zucc hini
85%
Zip py
81%
Zom biism
73%
Zin ger
70%
Zil lion
70%
Zigg urat
65%
Zow ie
59%
Zon king
59%
Zaf tig
47%
Zum booruk
46%
Zabag lione
42%
Zug zwang
38%
Zower swopped
21%
No matching quizzes found
Score Distribution
Percent of People with Each Score
Percentile by Number Answered
Your Score History
You have not taken this quiz